All Lyrics to We Didn't Start the Fire by Billy Joel - Statistics

General Stats
  • This quiz has been taken 3,489 times
  • The average score is 282 of 439
Answer Stats
Answer % Correct
d | s didn't
97%
d | f The
97%
d | dd | f | s the
97%
d | fg We
97%
d | dd | s we
97%
d | dd a
96%
d | s fire
96%
d I
96%
d | dd | f | ss start
96%
d It
93%
d | dd | s it
93%
d | ds burning
90%
d | s turning
89%
d was
89%
d | f always
88%
d Since
86%
d since
86%
d | s been
83%
d do
83%
d | s to
83%
d World's
83%
d world's
83%
d | s no
81%
d Chi
78%
d | s but
76%
d in
76%
d | dd | s fight
74%
s Monroe
74%
d and
73%
a China
73%
d John
73%
d | g Nixon
73%
d Marilyn
72%
a Day
70%
d | dd | s light
70%
a Red
69%
d | f Richard
69%
dd what
69%
d | dd got
68%
D | G Joe
67%
S | f South
67%
d | dd | ss tried
67%
a Truman
67%
a Doris
66%
d Ho
66%
d | dd on
66%
Hint Harry
65%
d | h Korea
65%
d new
65%
h North
64%
d queen
64%
a Johnnie
63%
d | dd of
63%
a | hy Ray
63%
D DiMaggio
62%
d have
62%
d Rock
62%
d de
60%
d England's
60%
d say
60%
d else
59%
d JFK
59%
dd away
56%
f King
56%
D Pacific
56%
d blown
55%
g television
55%
d Catcher
54%
f Rye
54%
d can't
52%
d back
51%
d Elvis
51%
d take
51%
d again
50%
f Eisenhower
50%
d team
50%
d winning
50%
d Presley
49%
d anymore
48%
d British
48%
d Brooklyn's
48%
d Pan
48%
d trouble
48%
d Around
47%
d Clock
47%
d Congo
47%
S McCarthy
47%
d Studebaker
47%
d Suez
47%
d Afghanistan
46%
d Disneyland
46%
d is
46%
d James
46%
G Walter
46%
d Dean
45%
d Minh
45%
d wars
45%
d Kennedy
44%
d law
44%
d Peter
44%
d Belgians
43%
d Russians
43%
d sex
43%
f vaccine
43%
d children
42%
d cola
42%
d politician
42%
d Watergate
42%
d Communist
41%
d Stalin
41%
d Iran
40%
d Punk
40%
d Reagan
40%
d space
39%
g Sugar
39%
d airline
38%
d Bay
38%
d Berlin
38%
d Bloc
38%
d Budapest
38%
d Einstein
38%
f H-bomb
38%
f Liberace
38%
d Pigs
38%
d suicide
38%
D Winchell
38%
d Beatlemania
37%
d Bridge
37%
d goodbye
37%
d heavy
37%
d metal
37%
d River
37%
d terror
37%
d under
37%
d Woodstock
37%
d AIDS
36%
d Alabama
36%
d Baseball
36%
d Little
36%
d Palestine
35%
d roller
35%
d shore
35%
d California
34%
d China's
34%
d Invasion
34%
d Joseph
34%
d Kwai
34%
d monkey
34%
d Sputnik
34%
d X
34%
fr Brando
33%
d Castro
33%
d Gaulle
33%
d Glenn
33%
d Grace
33%
d Mafia
33%
d martial
33%
d Princess
33%
f Rosenbergs
33%
d Arabia
32%
d Ben
32%
d hoops
32%
d Hula
32%
d Thalidomide
32%
d crack
31%
d Davy
31%
d Holly
31%
d Hypodermics
31%
dd Land
31%
d Lawrence
31%
d Malcolm
31%
d Psycho
31%
d Sally
31%
d Ayatollah's
30%
d Buddy
30%
d Checker
30%
d homeless
30%
d no-go
30%
d Paul
30%
d Phu
30%
d Place
30%
d Ride
30%
e Santayana
30%
d Strange
30%
d vets
30%
d Wheel
30%
d Chubby
29%
d Crockett
29%
d falls
29%
dd Fortune
29%
d Miss
29%
d Pope
29%
d homicide
28%
d Mickey
28%
d Peyton
28%
d Stranger
28%
d beats
27%
d Dien
27%
d Hur
27%
s Marciano
27%
d Roy
27%
d Bardot
26%
d Bernie
26%
d Bien
26%
d Mantle
26%
d Moonshot
26%
d Krushchev
25%
d Lebanon
25%
d Nasser
25%
d Rockefeller
25%
d Begin
24%
d Edsel
24%
d Foreign
24%
d Goetz
24%
d Juan
24%
d Ole
24%
g Panmunjom
24%
d Patterson
24%
d Peron
24%
d Liston
23%
d Malenkov
23%
d Prokofiev
23%
d Starkweather
23%
d U2
23%
d Cohn
22%
d Dacron
22%
d Pasternak
22%
d payola
22%
d Campanella
21%
d debts
21%
dd birth
20%
d control
20%
d Dylan
20%
d Hemingway
20%
d Kerouac
20%
d Eichmann
19%
d Toscanini
19%
d En-Lai
18%
d Chou
17%
d Rhee
17%
d Syngman
13%
d Charlse
12%
No matching quizzes found
Score Distribution
Percent of People with Each Score
Percentile by Number Answered
Your Score History
You have not taken this quiz